<?xml version="1.0" encoding="UTF-8"?>
<record
    xmlns:xsi="http://www.w3.org/2001/XMLSchema-instance"
    xsi:schemaLocation="http://www.loc.gov/MARC21/slim http://www.loc.gov/standards/marcxml/schema/MARC21slim.xsd"
    xmlns="http://www.loc.gov/MARC21/slim">

  <leader>00981nam a22002417a 4500</leader>
  <controlfield tag="001">5008</controlfield>
  <controlfield tag="003">FISKH</controlfield>
  <controlfield tag="005">20241031124805.0</controlfield>
  <controlfield tag="008">241031b        cb ||||| |||| 00| 0 eng d</controlfield>
  <datafield tag="020" ind1=" " ind2=" ">
    <subfield code="a">9781558748804</subfield>
  </datafield>
  <datafield tag="040" ind1=" " ind2=" ">
    <subfield code="a">FISKH</subfield>
    <subfield code="b">eng</subfield>
    <subfield code="c">FISKH</subfield>
    <subfield code="d">FISKH</subfield>
  </datafield>
  <datafield tag="050" ind1=" " ind2=" ">
    <subfield code="a">LB1139.M67</subfield>
  </datafield>
  <datafield tag="082" ind1=" " ind2=" ">
    <subfield code="a">372.01</subfield>
  </datafield>
  <datafield tag="100" ind1=" " ind2=" ">
    <subfield code="a">Tillman, Diane </subfield>
  </datafield>
  <datafield tag="245" ind1=" " ind2=" ">
    <subfield code="a"> Living values activities for children ages 8-14 /</subfield>
    <subfield code="c">by Diane Tillman with Activities from Educators Around the World </subfield>
  </datafield>
  <datafield tag="260" ind1=" " ind2=" ">
    <subfield code="a">Florida : </subfield>
    <subfield code="b">Health Communicatins, Inc ;</subfield>
    <subfield code="c">2000 .</subfield>
  </datafield>
  <datafield tag="300" ind1=" " ind2=" ">
    <subfield code="a">313 pages :</subfield>
    <subfield code="b">illustrations ;</subfield>
    <subfield code="c">23 cm . </subfield>
  </datafield>
  <datafield tag="520" ind1=" " ind2=" ">
    <subfield code="a">Suitable for children aged 8-14, this work offers goals, objectives and detailed lesson plans that explore twelve key units: Peace, Respect, Love, Tolerance, Honesty, Humility, Cooperation, Happiness, Responsibility, Simplicity, Unity and Freedom.</subfield>
  </datafield>
  <datafield tag="650" ind1=" " ind2=" ">
    <subfield code="a">character education</subfield>
    <subfield code="v">non-fiction</subfield>
  </datafield>
  <datafield tag="700" ind1=" " ind2=" ">
    <subfield code="a">Liddle, Ruth</subfield>
    <subfield code="e">illustrator</subfield>
  </datafield>
  <datafield tag="942" ind1=" " ind2=" ">
    <subfield code="2">ddc</subfield>
    <subfield code="c">BK</subfield>
    <subfield code="n">0</subfield>
  </datafield>
  <datafield tag="999" ind1=" " ind2=" ">
    <subfield code="c">5008</subfield>
    <subfield code="d">5008</subfield>
  </datafield>
  <datafield tag="952" ind1=" " ind2=" ">
    <subfield code="0">0</subfield>
    <subfield code="1">0</subfield>
    <subfield code="2">ddc</subfield>
    <subfield code="4">0</subfield>
    <subfield code="7">0</subfield>
    <subfield code="8">NFIC</subfield>
    <subfield code="a">001</subfield>
    <subfield code="b">001</subfield>
    <subfield code="c">SNS</subfield>
    <subfield code="d">2024-10-31</subfield>
    <subfield code="l">0</subfield>
    <subfield code="o">TIL 372.01 LB1139.M67</subfield>
    <subfield code="p">FISSE04436</subfield>
    <subfield code="r">2024-10-31 12:48:02</subfield>
    <subfield code="w">2024-10-31</subfield>
    <subfield code="y">BK</subfield>
  </datafield>
</record>
